=LDR 00000nam 2200000 4500 =001 INLIS000000000015637 =005 20130612110918 =008 ***********************************Indo** =035 ##$$0010-061300000015637 =041 ##$$a Indo =082 ##$$a 282 =090 ##$$a 282, Pen p =245 ##$$a pendidikan Agama Katolik Untuk SLTP Siswa 2B Caturwulan II, Yesus Adalah Guruku, Tim Penulis =250 ##$$a Seri Murid-Murid Yesus =260 ##$$a 1995 $b Yogyakarta =300 ##$$a 50 hlm, ilus, 20 cm =650 ##$$a Gereja Katolik =700 ##$$a DPS.Al.Soenanto,SW.dkk =850 ##$$a NBPNMAT